000 00535nam a2200169Ia 4500
008 090711s9999 xx 000 0 und d
082 _b52623
100 _aशेवडे गुरुजी
245 _aविश्वकवी रविबाबू
260 _c1980
300 _a43
600 _aशेवडे गुरुजी
630 _aविश्वकवी रविबाबू
700 _aशेवडे गुरुजी
730 _aविश्वकवी रविबाबू
942 _cBOOK
999 _c322484
_d322484